00686nam a2200229Ia 4500003000900000008004100009040001300050040001300063041000800076100001600084245004700100250001100147260001400158260000900172300001100181300001200192490002600204490000800230942000700238999001700245952019400262IT-RoPAU120407s9999 xx 000 0 und d aIT-RoPAU cIT-RoPAU aita aKarl Larenz aStoria del metodo nella scienza giuridica. aMilano aGiuffrè c1966 a210 p. c21,5 cm aCiviltà del diritto v114 cBK c28800d28800 00102ddc406340_70000000000000071aPAULUSbPAULUSd2012-04-11l0o340.7r2012-04-11 00:00:00w2012-04-11yBKzInserito da: Jole In data: 30 luglio 2011 fondo: Via A.Severo 56 Progr:33509